000 01300nam a2200349 i 4500
001 13626
003 KOSZ 005
005 20190801102735.0
008 070620s1969 pl a f f 000 0 pol
015 _aPB 1969/7558
040 _aWA N
_cWA N
_dKOSZ 005/RW
080 _a62
080 _a66/69
080 _a65.01
245 0 0 _aMetody sieciowe w zarządzaniu pracami badawczymi projektowymi i konstrukcyjnymi :
_bpraca zbiorowa /
_cpod redakcją Wojciecha Jaworskiego.
260 _aWarszawa :
_bPaństwowe Wydawnictwo Ekonomiczne,
_c1969.
300 _a179, [1] stron, [5] stron tablic :
_bilustracje ;
_c23 cm.
336 _aTekst
_btxt
_2rdacontent
337 _aBez urządzenia pośredniczącego
_bn
_2rdamedia
338 _aWolumin
_bnc
_2rdacarrier
380 _aKsiążki.
490 1 _aMatematyka w Przedsiębiorstwie.
658 _aMatematyka
658 _aGospodarka, ekonomia, finanse
650 4 _aBadania operacyjne
650 4 _aPrzemysł
700 1 _aJaworski, Wojciech
_c(informatyk).
_eRedakcja
710 2 _aPaństwowe Wydawnictwo Ekonomiczne
_4pbl.
830 0 _aMatematyka w Przedsiębiorstwie.
856 _uhttp://koha.tu.koszalin.pl/cgi-bin/koha/opac-detail.pl?biblionumber=13626
_yKatalog online BPK
942 _2UKD
_cKS
999 _c13626
_d13626